Cataluña mil años atrás: siglos X-XI
Shranjeno v:
| Glavni avtor: | |
|---|---|
| Format: | Knjiga |
| Jezik: | španščina |
| Izdano: |
Barcelona
Península
1988
|
| Serija: | Historia, Ciencia, Sociedad, 212
|
| Teme: | |
| Oznake: |
Označite
Brez oznak, prvi označite!
|
MARC
| LEADER | 00000nam a2200000 a 4500 | ||
|---|---|---|---|
| 001 | UCX2581 | ||
| 003 | CL-VaPUC | ||
| 008 | 910627e19880000SP |||||||||||||||||spa|d | ||
| 082 | 0 | 4 | |a 946.02 |b BON |2 21 |
| 100 | 0 | |a Bonnassie, Pierre |e author |9 318567 | |
| 245 | 1 | 0 | |a Cataluña mil años atrás: siglos X-XI |
| 300 | |a 444 p | ||
| 942 | |c BK | ||
| 945 | |d 19910627 00:00:00 | ||
| 260 | |a Barcelona |b Península |c 1988 | ||
| 650 | 0 | |a Historia |9 255047 | |
| 651 | 0 | |a Cataluña, España |9 258701 | |
| 583 | |a last modification |c 19910627 00:00:00 |k Rodrigo Vera | ||
| 490 | 0 | |a Historia, Ciencia, Sociedad, 212 | |
| 999 | |c 223574 |d 223572 | ||
| 952 | |0 0 |1 0 |4 0 |6 946_020000000000000_BON_1988 |7 0 |8 A |9 219515 |a BIBHIS |b BIBHIS |d 2019-11-15 |i 288223K |o 946.02 BON 1988 |p 288223K |r 2025-01-20 |w 2019-11-15 |y BK |k HIS | ||